Ḍogarī: (Record no. 68581)

MARC details
000 -LEADER
fixed length control field 00606cam a22002411 4500
001 - CONTROL NUMBER
control field sa 66002741
003 - CONTROL NUMBER IDENTIFIER
control field DLC
005 - DATE AND TIME OF LATEST TRANSACTION
control field 20260227112232.0
008 - FIXED-LENGTH DATA ELEMENTS--GENERAL INFORMATION
fixed length control field 890907s1965 ii b 000 0 hino
010 ## - LIBRARY OF CONGRESS CONTROL NUMBER
LC control number sa 66002741
035 ## - SYSTEM CONTROL NUMBER
System control number (OCoLC)20311679
040 ## - CATALOGING SOURCE
Original cataloging agency DLC
Transcribing agency WaU
Modifying agency DLC
042 ## - AUTHENTICATION CODE
Authentication code premarc
050 00 - LIBRARY OF CONGRESS CALL NUMBER
Classification number PK2646
Item number .G8
100 1# - MAIN ENTRY--PERSONAL NAME
Personal name Gupta, Bansi Lal,
Dates associated with a name 1922-
245 10 - TITLE STATEMENT
Title Ḍogarī:
Remainder of title bhāshā aura vyākaraṇa.
260 ## - PUBLICATION, DISTRIBUTION, ETC.
Date of publication, distribution, etc. [1965]
300 ## - PHYSICAL DESCRIPTION
Extent 226 p.
Dimensions 19 cm.
500 ## - GENERAL NOTE
General note Added title in Dogri.
500 ## - GENERAL NOTE
General note In Hindi.
504 ## - BIBLIOGRAPHY, ETC. NOTE
Bibliography, etc. note Bibliography: p. 226.
650 #0 - SUBJECT ADDED ENTRY--TOPICAL TERM
Topical term or geographic name entry element Dogri language.

No items available.

Powered by Koha